| 000 | 00660cam a2200241 a 4500 | ||
|---|---|---|---|
| 001 | 0000005064 | ||
| 005 | 20170406120325.0 | ||
| 008 | 850917s1986 nyua b 001 0 eng | ||
| 010 | _a 85024980 | ||
| 020 | _a0671492888 | ||
| 035 | _9(DLC) 85024980 | ||
| 040 |
_aDLC _cDLC _dDLC |
||
| 050 | 0 | 0 |
_aQH541 _b.E35 1986 |
| 082 | 0 | 0 |
_a574.5 _219 |
| 100 | 1 | _aEhrlich, Paul R. | |
| 245 | 1 | 4 |
_aThe machinery of nature / _cPaul R. Ehrlich. |
| 260 |
_aNew York : _bSimon and Schuster, _cc1986. |
||
| 300 |
_a320 p. : _bill. ; _c25 cm. |
||
| 500 | _aIncludes index. | ||
| 504 | _aBibliography: p. 299-301. | ||
| 650 | 0 | _aEcology. | |
| 908 | _a141201 | ||
| 999 |
_c4868 _d4868 |
||